书目信息 |
| 题名: |
现代人与宗教
|
|
| 作者: | 齐美尔, 著 ;曹卫东 译 | |
| 分册: | ||
| 出版信息: | 北京 中国人民大学出版社 2010.02 |
|
| 页数: | 161页 | |
| 开本: | 23cm | |
| 丛书名: | 朗朗书房·历代基督教经典思想文库 | |
| 单 册: | ||
| 中图分类: | B97 | |
| 科图分类: | ||
| 主题词: | 基督教 | |
| 电子资源: | ||
| ISBN: | 7-300-04955-9 | |
| 000 | 00953nam 2200277 450 | |
| 001 | 003748226 | |
| 005 | 20100806154744.39 | |
| 010 | @a7-300-04955-9@dCNY18.90 | |
| 090 | @aB92@bqme | |
| 100 | @a20100515d2010 em y0chiy50 ea | |
| 101 | 1 | @achi@cger |
| 102 | @aCN@b110000 | |
| 105 | @ay z 000yy | |
| 200 | 1 | @a现代人与宗教@Axian dai ren yu zong jiao@dDer Moderne Mensch und Religion@f(德) 西美尔著@F(de)xi mei er zhu@g曹卫东等译@zger |
| 210 | @a北京@c中国人民大学出版社@d2010.02 | |
| 215 | @a161页@d23cm | |
| 225 | 2 | @a朗朗书房·历代基督教经典思想文库 |
| 330 | @a本书内容包括:论宗教社会学、现代文化的冲突、宗教的地位问题、上帝的位格、论宗教五个部分。 | |
| 410 | 0 | @12001 @a朗朗书房·历代基督教经典思想文库 |
| 500 | 10 | @aModerne Mensch und Religion@mChinese |
| 606 | 0 | @a基督教 |
| 690 | @aB97@v4 | |
| 701 | 1 | @a齐美尔,@Aqi mei er,@f1858-1918@4著 |
| 702 | 0 | @a曹卫东@Acao wei dong@4译 |
| 801 | @c20100515 | |
| 905 | @dB97@eX061@f5 | |
| 现代人与宗教=Der Moderne Mensch und Religion/(德) 西美尔著/曹卫东等译.-北京:中国人民大学出版社,2010.02 |
| 161页;23cm.-(朗朗书房·历代基督教经典思想文库) |
| ISBN 7-300-04955-9:CNY18.90 |
| 本书内容包括:论宗教社会学、现代文化的冲突、宗教的地位问题、上帝的位格、论宗教五个部分。 |
| ● |
| 相关链接 |
|
|
|
正题名:现代人与宗教
索取号:B97/X061
 
预约/预借
| 序号 | 登录号 | 条形码 | 馆藏地/架位号 | 状态 | 备注 |
| 1 | 998511 | 209985113 | 自科二线400A/422社科库 43排4列3层/ [索取号:B97/X061] | 在馆 | |
| 2 | 998512 | 209985122 | 自科二线400A/400A自科库 11排2列6层/ [索取号:B97/X061] | 在馆 | |
| 3 | 998513 | 209985131 | 自科二线400A/422社科库 43排4列3层/ [索取号:B97/X061] | 在馆 | |
| 4 | 998514 | 209985140 | 自科二线400A/400A自科库 10排4列1层/ [索取号:B97/X061] | 在馆 | |
| 5 | 998515 | 209985159 | 自科二线400A/422社科库 43排4列3层/ [索取号:B97/X061] | 在馆 |